000 01815nas1a22003131i 4500
001 RU\NLR\INFOCOMM15\1000060114
005 20260407120210.0
035 _a(NLR Aleph) 002637519
090 _a3756761
_c3756761
100 _a20040120c1971 |||y0rusy50 ca
101 0 _arus
102 _aRU
110 _azyu||||0|y0
200 1 _aВопросы клинической нейрокардиологии
_eСб. науч. тр.
_fЛенингр. ин-т усоверш. врачей им. С.М. Кирова
210 _aЛ.
_d1971-
311 _aВып. 2 явл. разд. 4 изд. "Патология сердечно-сосудистой системы" (М., 1977, с.99-149)( ш. 78-3/3169)
488 1 _12001#$aПатология сердечно-сосудистой системы
_1210##$aМ.$d1977
_1852##$aNLR$j78-3/3169
_tПатология сердечно-сосудистой системы
712 0 2 _4570
_aЛенинградский институт усовершенствования врачей им. С. М. Кирова
_3RU\NLR\AUTH\889950603
_9397014
801 1 _aRU
_bInfoComm
_c20040120
801 0 _aRU
_bNLR
_gPSBO
852 _aNLR
_jП16/1486
_yс вып. 3
942 _cSE
980 _aRUSPER